000 00450nam a22001337a 4500
999 _c17724
_d17724
008 190607b xxu||||| |||| 00| 0 eng d
020 _a9290592133
050 _aS494.5
_b.A45P77 2007 c.1
245 _aProfitable Agroforestry Innovations for Eastern Africa
_bExperience from 10 Agroclimatic Zones of Ethiopia, India, Kenya, tanzania and Uganda
260 _aNairobi
_bRELMA
_c2007
300 _aix, 374p.
650 _aAgroforestry
942 _2lcc
_cBK